• 首页
  • 本馆介绍
  • 公告通知
  • 最新文献
  • 馆藏检索
  • 电子资源
  • 读者导购
  • 参考咨询
  • 我的图书馆
  • 登录
  • 详细信息显示
  • 放入我的书架
  • 预约/预借图书
  • 作者相关作品
  • 分类相关作品
  • 丛书相关作品
  • 出版社相关作品

书目信息

  • 表格格式
  • 工作单格式
  • 卡片格式
书名: A WILL TO SURVIVE
作者: Stephen Greymorning.
分册号:
分册名:
出版地: NEW YORK :
 
出版社: McGraw-hill
出版时间: 2004.
页数: 224 p. ;
开本: 20cm.
丛书名:
中图分类号:
科图分类号:
其他分类号: I021
主题词:
电子资源:
000 00497nam 2200157 a 4500
001 E0760392692
005 20070317165657.92
008 070317s2004 00010 eng
020    @a0-07-249638-X.
040    @aPFT@beng
090    @aI021
099    @dI021@ex21
245    @aA WILL TO SURVIVE@6indigenous essays on the politics of culture, language, and identity / @cStephen Greymorning.
260    @aNEW YORK :@bMcGraw-hill,@c2004.
300    @a224 p. ;@c20cm.
500    @aincludes bibliographical references
    
    A WILL TO SURVIVE / Stephen Greymorning.-NEW YORK : : McGraw-hill, , 2004.
    224 p. ; ; 20cm.
    includes bibliographical references
    
    ISBN 0-07-249638-X.
    
●
相关链接 在E读中查询图书 在五车中查询图书 在当当中查询图书 在豆瓣中查询图书


正题名:A WILL TO SURVIVE     索取号:I021/x21         预约/预借

序号 登录号 条形码 馆藏地/架位号 状态 备注
1 0002426   300024266   第二样本阅览室/ [索取号:I021/x21] 在馆    
2 0002427   300024275   第四借阅区/ [索取号:I021/x21] 在馆    
3 0002428   300024284   第四借阅区/ [索取号:I021/x21] 在馆    
唐山师范学院图书馆 欢迎您!
大连网信软件有限公司© 版权所有